Statistics for States with Limited Recognition

Click here to take the quiz!

General Stats

  • This quiz has been taken 65 times
  • The average score is 11 of 18

Answer Stats

HintAnswer% Correct
UN ObserverPalestine
93%
Non-Members with At Least One RecognizerTaiwan
85%
UN Members with Limited RecognitionNorth Korea
82%
Non-Members with At Least One RecognizerKosovo
78%
UN Members with Limited RecognitionSouth Korea
69%
Non-Members with At Least One RecognizerAbkhazia
65%
UN Members with Limited RecognitionIsrael
64%
UN ObserverVatican City
64%
UN Members with Limited RecognitionChina
62%
Non-Members with At Least One RecognizerSahrawi Arab Democratic Republic
62%
Non-Members with At Least One RecognizerSouth Ossetia
62%
UN Members with Limited RecognitionArmenia
55%
States with No Members RecognizingTransnistria
49%
States with No Members RecognizingSomaliland
45%
Non-Members with At Least One RecognizerNorthern Cyprus
42%
States with No Members RecognizingNagorno-Karabakh Republic
38%
UN Members with Limited RecognitionCyprus
36%
UN ObserverMilitary Order of Malta
9%

Score Distribution

Percentile by Number Answered

Percent of People with Each Score

Your Score History

You have not taken this quiz